Music Quiz

Random Music Quiz
Score 0/164 Timer 08:00
0 Plays Today
Lyrics % Correct
[Chorus]
100%
[Repeat Chorus]
99.7%
[Repeat x3]
99.7%
[Repeat Chorus]
99.7%
I
99%
I
99%
I
99%
I
99%
I
99%
I
99%
I
99%
I
99%
I
99%
I
99%
I
99%
I
99%
I
99%
I
99%
I
99%
I
99%
know,
98.7%
know?
98.7%
know?
98.7%
know?
98.7%
know?
98.7%
know
98.7%
know
98.7%
know
98.7%
How
98.4%
How
98.4%
How
98.4%
How
98.4%
How
98.4%
How
98.4%
he
98.1%
he
98.1%
he
98.1%
will
97.9%
will
97.9%
will
97.9%
will
97.9%
will
97.9%
will
97.9%
me
97.8%
me
97.8%
me?
97.8%
me?
97.8%
me,
97.8%
me
97.8%
me,
97.8%
me
97.8%
a
97.7%
a
97.7%
(Love
97.7%
love
97.3%
Lyrics % Correct
love
97.3%
love
97.3%
love.
97.3%
love?
97.3%
if
96.7%
if
96.7%
If
96.7%
if
96.7%
really
96.2%
really
96.2%
really
96.2%
the
94.5%
the
94.5%
loves
94.5%
loves
94.5%
loves
94.5%
in
94.1%
in
94.1%
to
91.7%
to
91.7%
to
91.7%
of.
90.9%
of
90.9%
he's
89.5%
he's
89.5%
is
89.4%
is
89.4%
is
89.4%
is
89.4%
you
88.1%
you
88.1%
you
88.1%
one
87.6%
fall
87.3%
dream
87.1%
can
86.8%
heartbeat.
86.1%
I'm
86%
I'm
86%
I'm
86%
When
85.5%
every
85.5%
we
85.5%
be
85%
with
84.3%
can't
83.6%
(Can't
83.6%
boy
83.4%
There's
83.3%
there's
83.3%
it
82.7%
say
82.6%
do
82.3%
feel
82.2%
feel
82.2%
Lyrics % Correct
my
81.6%
prayer
80.6%
too
78.8%
tell
77.5%
about
77.3%
but
76.3%
thinking
75.8%
no
75.3%
shy.
75.2%
asking
75%
meet.
74.8%
whenever
74.1%
eyes,
74%
things.
73.8%
This
73.7%
these
73.1%
into
72.7%
so
72.1%
Falling
71.5%
takes
71.1%
speak).
70.5%
from
69.9%
why
69.8%
what
68.4%
try
68.1%
dreaming,
68%
your
68%
bittersweet.
68%
above.
67.7%
Looks
67.2%
wake
66.5%
Wake
66.5%
get
65.8%
clouds
65.2%
strong,
64.6%
seem
64.3%
weak?
64%
not.
63.2%
lose
61.7%
control,
61.4%
(Don't
61.3%
enough.
61.1%
trust
60.8%
'cause
60.4%
feelings).
54.9%
now.
54.6%
phone
51.9%
had
50.8%
deceiving).
50%
near
48.8%
Wish
48.1%
mistaking,
42.2%
shaking.
42%
Said
32.7%
Remove Ads.
Support Sporcle.
Get the best of Sporcle when you Go Orange. This ad-free experience offers more features, more stats, and more fun while also helping to support Sporcle. Thank you for becoming a member.

You're not logged in!

Compare scores with friends on all Sporcle quizzes.
OR
Log In

Show Comments

Extras

Created Dec 15, 2014ReportNominate
Tags:houston, Whitney, Whitney Houston

Top Quizzes Today


Score Distribution

Your Account Isn't Verified!

In order to create a playlist on Sporcle, you need to verify the email address you used during registration. Go to your Sporcle Settings to finish the process.

Report this User

Report this user for behavior that violates our Community Guidelines.

Details: